Fear or freedom : a woman's options in social survival and physical defense /

Bibliographic Details
Main Author: Smith, Susan E., 1953-
Format: Book
Language:English
Published: Racine, WI : Mother Courage Press, [1986]
Subjects:

MARC

Tag First Indicator Second Indicator Subfields
LEADER 00000cam a2200000 a 4500
001 in00000007922
005 20151002070055.0
008 860507s1986 wiua b 00010 eng
010 |a  86061347  
020 |a 094130003X (pbk.) :  |c $11.95 
035 |a (OCoLC)15177464 
035 |9 AAA0265AM 
040 |a DLC  |c DLC  |d TXA  |d UtOrBLW 
050 0 0 |a GV1111.5  |b .S625 1986 
100 1 |a Smith, Susan E.,  |d 1953- 
245 1 0 |a Fear or freedom :  |b a woman's options in social survival and physical defense /  |c by Susan E. Smith. 
264 1 |a Racine, WI :  |b Mother Courage Press,  |c [1986] 
264 4 |c ©1986 
300 |a 212 pages :  |b illustrations ;  |c 28 cm. 
336 |a text  |b txt  |2 rdacontent 
337 |a unmediated  |b n  |2 rdamedia 
338 |a volume  |b nc  |2 rdacarrier 
504 |a Bibliography: pages 193-204. 
650 0 |a Self-defense for women. 
999 |a MARS 
999 f f |s 9fa24517-459c-3038-96dd-296dc76e0c7d  |i 2f4dfa5d-66e2-37ec-9a4c-b70b5d40fcaf  |t 0 
952 f f |p normal  |a Texas A&M University  |b College Station  |c Sterling C. Evans Library  |d Evans: Library Stacks  |t 0  |e GV111.5 .S625 1986  |h Library of Congress classification  |i unmediated -- volume  |m A14812571161 
998 f f |a GV111.5 .S625 1986  |t 0  |l Evans: Library Stacks